Great Freedom Fighter: (Record no. 189455)

MARC details
000 -LEADER
fixed length control field 00504nam a22001577a 4500
005 - DATE AND TIME OF LATEST TRANSACTION
control field 20220701143648.0
010 ## - LCCN (DPL NO)
LC control number Sanjna Dewal
020 ## - INTERNATIONAL STANDARD BOOK NUMBER
International Standard Book Number 8181030435
Terms of availability 300.00
037 ## - SOURCE OF ACQUISITION
Source of stock number/acquisition Seema Publishing House
100 ## - MAIN ENTRY--PERSONAL NAME
Personal name SHARMA S. C.
245 ## - TITLE STATEMENT
Title Great Freedom Fighter:
Remainder of title Ramprashad Bismil /
Statement of responsibility, etc S. C. Sharma
260 ## - PUBLICATION, DISTRIBUTION, ETC. (IMPRINT)
Place of publication, distribution, etc Delhi
Name of publisher, distributor, etc Seema Publishing House
Date of publication, distribution, etc 2021
270 ## - ADDRESS
Address 30/21-A, Ground Floor, Gali no. 9 Vishwas Nagar, Shahdra
City Delhi
Postal code 110032
300 ## - PHYSICAL DESCRIPTION
Extent 121p.
Other physical details illu.
Dimensions 22c.m(Hb)
942 ## - ADDED ENTRY ELEMENTS (KOHA)
Source of classification or shelving scheme Dewey Decimal Classification
Item type English Books
Call number suffix SHA

No items available.


© Delhi Public Library
Hit Counter
free hit counter